| 000 | 00572nam a2200121Ia 4500 | ||
|---|---|---|---|
| 008 | 171212s9999 xx 000 0 und d | ||
| 020 | _a9780833080455 | ||
| 100 | _aResnick, Adam C.;Jacobson, Mireille;Kadiyala, Srikanth;Eberhart, Nicole K.;Hosek, Susan D. | ||
| 245 |
_cResnick, Adam C.;Jacobson, Mireille;Kadiyala, Srikanth;Eberhart, Nicole K.;Hosek, Susan D. _aHow Deployments Affect the Capacity and Utilization of Army Treatment Facilities |
||
| 260 |
_bRAND Corporation _c2014 |
||
| 650 | _aHealth Sciences | ||
| 856 | _uhttp://www.jstor.org/stable/10.7249/j.ctt14bs49t | ||
| 999 |
_c352152 _d352152 |
||